The Performance and Potential of Light Rail Transit in Developing Cities / (Record no. 2033)
[ view plain ]
| 000 -LEADER | |
|---|---|
| fixed length control field | 00397 a2200121 4500 |
| 022 ## - INTERNATIONAL STANDARD SERIAL NUMBER | |
| International Standard Serial Number | 09684093 |
| 082 ## - DEWEY DECIMAL CLASSIFICATION NUMBER | |
| Classification number | 307.12 GAR |
| 100 ## - MAIN ENTRY--PERSONAL NAME | |
| Personal name | Gardner,G. |
| 245 ## - TITLE STATEMENT | |
| Title | The Performance and Potential of Light Rail Transit in Developing Cities / |
| Statement of responsibility, etc. | G.Gardner, J. Rutter |
| 260 ## - PUBLICATION, DISTRIBUTION, ETC. | |
| Place of publication, distribution, etc. | Berkshire : |
| Date of publication, distribution, etc. | Transport Research Laboratory , |
| Name of publisher, distributor, etc. | 1994 |
| 300 ## - PHYSICAL DESCRIPTION | |
| Extent | 22p. : |
| Other physical details | ill. ; |
| Dimensions | 27cm |
| 650 ## - SUBJECT ADDED ENTRY--TOPICAL TERM | |
| Topical term or geographic name entry element | Rail transit -- TRL project 69 |
| 830 ## - SERIES ADDED ENTRY--UNIFORM TITLE | |
| Uniform title | TRL Series |
| Withdrawn status | Lost status | Damaged status | Not for loan | Permanent Location | Current Location | Shelving location | Date acquired | Total Checkouts | Full call number | Barcode | Date last seen | Price effective from | Koha item type |
|---|---|---|---|---|---|---|---|---|---|---|---|---|---|
| School of Civil and Environmental Engineering (SCEE) | School of Civil and Environmental Engineering (SCEE) | 307.12 GAR | NIT-2263 | 01/05/2017 | 01/05/2017 | Book |
